| 000 | 00428nam a2200181Ia 4500 | ||
|---|---|---|---|
| 001 | 19670 | ||
| 005 | 20260306172710.0 | ||
| 008 | 260306t2008||||xx |||||||||||||| ||spa|| | ||
| 041 | _aESP | ||
| 082 |
_a341 _bA39C |
||
| 100 |
_aAlexy, Robert _eAUT |
||
| 245 | 0 | _aEl concepto y la naturaleza del derecho | |
| 260 | _c2008 | ||
| 300 |
_a98 páginas : _c21 cm. |
||
| 650 | _aGEN | ||
| 654 | _aCDE | ||
| 942 |
_cLIB _dJUS _fJUS _2ddc _n |
||
| 999 |
_c19670 _d19670 |
||